000 01358nam2a22002891 4500
001 rc\4214487
005 20250611134034.0
021 _aRU
_b[49-7961]
035 _a(NLR Aleph) 008211128
090 _a8097360
_c8097360
100 _a20130415d1948 |||y0rusy50 ca
101 0 _arus
102 _aRU
105 _aa z |||||
200 0 _a[Кн. 4]
_eДля IV класса
_fП.В. Виноградова, В.М. Криштопа, Е.Я. Криштопа, С.М. Омаров
210 _cДагучпедгиз
_d1948
_gОбразцовая тип. им. Жданова
_gтип. "Кр. пролетарий" в М.
_aБ. м.
215 _a376 с.
_cил.
461 0 _1001rc\4214485
_12001#$aУчебник русского языка$eДля даг. нерус. нач. школы$e[С рус.-дарг. словарем]$v[Кн. 4]
_98097351
_cМахачкала
_d1948
_nДагучпедгиз
_oДля даг. нерус. нач. школы : [С рус.-дарг. словарем]
_tУчебник русского языка
_v[Кн. 4]
701 1 _aКриштопа
_bВ.М.
701 1 _aКриштопа
_bЕ.Я.
701 1 _aВиноградова
_bП.В.
_gПанна Васильевна
701 1 _aОмаров
_bС.М.
801 0 _aRU
_bNLR
_gpsbo
801 1 _aRU
_bELAR
_2rusmarc
852 _aNLR
_jЯ60 Г-5/777
942 _cBOOK
980 _aNB